Online
Catalog

Introduction a la science politique / (Record no. 34641)

MARC details
000 -CABECERA
campo de control de longitud fija 00436nam a2200145 a 4500
001 - NÚMERO DE CONTROL
campo de control 000035150
005 - FECHA Y HORA DE LA ÚLTIMA TRANSACCIÓN
campo de control 20200930074134.0
008 - DATOS DE LONGITUD FIJA--INFORMACIÓN GENERAL
campo de control de longitud fija 111025s1959 fr 000 0 fre d
040 ## - FUENTE DE LA CATALOGACIÓN
Centro catalogador/agencia de origen DO-SdBNP
Lengua de catalogación spa
Centro/agencia transcriptor BNPHU
041 17 - CÓDIGO DE LENGUA
Código de lengua del texto/banda sonora o título independiente fre
100 1# - ENTRADA PRINCIPAL--NOMBRE DE PERSONA
Nombre de persona Meynaud, Jean
9 (RLIN) 33679
245 10 - MENCIÓN DE TÍTULO
Título Introduction a la science politique /
Mención de responsabilidad, etc. Jean Meynaud.
260 ## - PUBLICACIÓN, DISTRIBUCIÓN, ETC.
Lugar de publicación, distribución, etc. Paris :
Nombre del editor, distribuidor, etc. Librairie Armand Colin,
Fecha de publicación, distribución, etc. 1959.
500 ## - NOTA GENERAL
Nota general LIBRO MUTILADO. SOLO TIENE 62 PAG. DE 320
Holdings
Estado de retiro Estado de pérdida Restricciones de uso No para préstamo Código de colección Localización permanente Ubicación/localización actual Ubicación en estantería Fecha de adquisición Número de inventario Total de préstamos Signatura topográfica completa Código de barras Fecha visto por última vez Precio válido a partir de Tipo de ítem Koha
        Monografías: Libros y Folletos General General Orden iniciada 25.10.2011 LF1   35150-10 25.06.2020 25.06.2020 No se presta

Powered by Koha